|
|
|
|
| LEADER |
00000ny a22000003n 4500 |
| 005 |
20070911114129.0 |
| 008 |
070201s2007 fr e 001 0 fre d |
| 020 |
|
|
|a 9782743009250
|
| 035 |
|
|
|a 2329
|
| 040 |
|
|
|a AUXAM
|c AUXAM
|d vLex
|
| 090 |
|
|
|c 273
|d 273
|
| 100 |
1 |
|
|a Malingrey, Philippe
|
| 245 |
1 |
0 |
|a Introduction au droit de l'environnement
|h [Recurso electrn̤ico]
|c Philippe Malingrey
|
| 256 |
|
|
|a Servicio en ln̕ea
|
| 260 |
|
|
|a Paris :
|b Lavoisier ; Tec & Doc,
|c c2007
|
| 506 |
1 |
|
|a Contenido solo disponible en los productos indicados
|d vLex Global
|d vLex Global (Academic Edition, excluding Law Schools)
|d vLex Global (U.S. Academic Edition, Law Schools)
|d vLex Global (U.S. Academic Edition, excluding Law Schools)
|d vLex Global (Academic Edition, Law Schools)
|
| 650 |
0 |
4 |
|a Medio Ambiente
|x Derecho
|
| 740 |
0 |
|
|a vLex Libros (Servicios en ln̕ea)
|
| 856 |
4 |
0 |
|u http://vlex.com/source/2329
|z Acceso restringido
|
| 942 |
|
|
|c BOOK
|
| 999 |
0 |
|
|a Environmental law
|b France
|